PRO8L3M - WIDMO - Statystyki

Ogólne statystyki
  • Ten quiz został rozwiązany 14 razy
  • Średni wynik to 8 z 13
Statystyki odpowiedzi
WIDMO % Poprawnych
112
85%
Widmo
85%
Interpol
69%
Prawdy nie mówi nikt
69%
Rotterdam
69%
USB
69%
Jak Disney
62%
National Geographic
54%
To nie był film
54%
Monza
46%
Crash Test
38%
VI katastrofa
38%
Pirelli
31%
Nie znaleziono quizów pasujących do podanych kryteriów
Rozkład punktacji
Procent ludzi z każdym wynikiem
Percentyl według liczby udzielonych odpowiedzi
Twoja historia wyników
Nie rozwiązałeś tego quizu